Computer Science XII (Record no. 7101)

MARC details
000 -LEADER
fixed length control field 00210nam a22000857a 4500
008 - FIXED-LENGTH DATA ELEMENTS--GENERAL INFORMATION
fixed length control field 170626b xxu||||| |||| 00| 0 eng d
020 ## - INTERNATIONAL STANDARD BOOK NUMBER
International Standard Book Number 9788120335189
100 ## - MAIN ENTRY--PERSONAL NAME
9 (RLIN) 3685
Personal name Bhatnagor. S
245 ## - TITLE STATEMENT
Title Computer Science XII
260 ## - PUBLICATION, DISTRIBUTION, ETC. (IMPRINT)
Place of publication, distribution, etc. New Delhi
Date of publication, distribution, etc. 2008
Holdings
Withdrawn status Lost status Source of classification or shelving scheme Damaged status Koha normalized classification for sorting Not for loan Home library Current library Shelving location Date acquired Total Checkouts Total Renewals Full call number Barcode Date last seen Date last checked out Price effective from Koha item type
    Dewey Decimal Classification   BHA_004_000000000000000   Good Samaritan School Library Good Samaritan School Library Computer Science 06/26/2017 3 1 BHA004 BHA7566 11/20/2018 10/26/2018 06/26/2017 BOOK

Powered by Koha